01321nab a22002177a 4500003000400000005001700004008004100021040000700062100002400069245012800093260007200221300001300293500003900306505043100345505008900776650002000865650002800885650002800913700002500941773013700966OSt20260115173342.0190605e xxu||||| |||| 00| 0 spa d cPJ aIbañez, Priscila 13aLa perspectiva de género y su incidencia en la determinación de los salarios /cPriscila Ibañez, Fernando Almejún.  aCiudad Autónoma de Buenos Aires :bThomson Reuters La Ley,c2022. ap. 16-22 aCita: TR LALEY AR/DOC/3147/2022.  aSumario: I. Introducción. — II. La madre del borrego: los estereotipos de género. — III. Una pista con mayores obstáculos: Sobre las paredes invisibles, escaleras rotas, pisos pegajosos y techos de cristal. — IV. El trabajo de igual valor: importancia y fundamentos del concepto. — V. ¿Cómo se determina el valor de un trabajo? — VI. El rol de los distintos actores sociales. — VII. Conclusiones finales.  t¿Te interesa el texto completo? Solicitalo al correo: koha@justierradelfuego.gov.ar 0aDERECHO LABORAL 0aDERECHOS DEL TRABAJADOR 0aPERSPECTIVA DE GÉNERO aAlmejún, Fernando 0 02711dCiudad Autónoma de Buenos Aires : Thomson Reuters La Ley, 1999-2002.tRevista de derecho del trabajo. Nº 6 - Noviembre 2022